000
00261nam a2200109Ia 4500
008
250224s9999 xx 000 0 und d
020
_a
9781444117141
082
_a
344.42044MEN
245
0
_a
Mental Health Law...
942
_c
BK
999
_c
472357
_d
472357